Quản lý dự án bằng sơ đồ mạng

Gardado en:
Detalles Bibliográficos
Autor Principal: Lê Văn Kiểm
Formato: Libro
Idioma:Undetermined
Publicado: Tp HCM ĐHQG 2001
Những chủ đề:
Các nhãn: Engadir etiqueta
Sen Etiquetas, Sexa o primeiro en etiquetar este rexistro!
Thư viện lưu trữ: Trung tâm Học liệu Trường Đại học Cần Thơ
LEADER 00504nam a2200181Ia 4500
001 CTU_56998
008 210402s9999 xx 000 0 und d
020 |b 14500 
082 |a 658.404 
082 |b K304 
100 |a Lê Văn Kiểm 
245 0 |a Quản lý dự án bằng sơ đồ mạng 
245 0 |c Lê Văn Kiểm 
260 |a Tp HCM 
260 |b ĐHQG 
260 |c 2001 
650 |a industrial project management 
980 |a Trung tâm Học liệu Trường Đại học Cần Thơ